Resource management (Record no. 602)

MARC details
000 -LEADER
Fixed length control field 00439nam a2200169 4500
003 - CONTROL NUMBER IDENTIFIER
Control field SEACOMMC
005 - DATE AND TIME OF LATEST TRANSACTION
Control field 20240925145352.0
008 - FIXED-LENGTH DATA ELEMENTS--GENERAL INFORMATION
Fixed length control field 240925b |||||||| |||| 00| 0 eng d
020 ## - INTERNATIONAL STANDARD BOOK NUMBER / ISBN
International Standard Book Number 812590770X
Price Rs.300.00
040 ## - CATALOGING SOURCE
Original cataloging agency SEACOMMC
082 ## - DEWEY DECIMAL CLASSIFICATION NUMBER
Classification number 658.4034
Book Number N 158
100 ## - MAIN ENTRY--PERSONAL NAME
Personal name Nair, N. G
245 1# - TITLE STATEMENT
Title Resource management
Statement of responsibility N. G. Nair
260 ## - IMPRINT
Place of publication New Delhi
Name of publisher Vikas Publication
Date of publication 2002
650 ## - SUBJECT ADDED ENTRY--TOPICAL TERM
Topical term Resource Management
942 ## - ADDED ENTRY ELEMENTS (KOHA)
Koha item type Books
Holdings
Withdrawn status Lost status Source of classification Damaged status Not for loan Home library Current library Date acquired Total Checkouts Call number Accession number Date last seen Price effective from Koha item type
    Dewey Decimal Classification     SEACOM MANAGEMENT COLLEGE SEACOM MANAGEMENT COLLEGE 04/10/2007   658.4034 N 158 M-365 25/09/2024 25/09/2024 Books
© Seacom Engineering College, All rights reserved.    Powered by Koha